| 000 | 00346nam a22001337a 4500 | ||
|---|---|---|---|
| 020 | _qPB. | ||
| 040 | _cFIZZA ISHAQ | ||
| 082 |
_a005.1068 _bWAT |
||
| 100 |
_aHUMPH, WATTS. _955382 |
||
| 245 |
_aINTRODUCTION TO THE PERSONAL SOFTWARE PROCESS / _cWATTS S. HUMPH |
||
| 260 |
_aNEW DEHLI : _bPEARSON, _c1997. |
||
| 300 | _a278 P. ; | ||
| 942 |
_2ddc _cBK |
||
| 999 |
_c566234 _d566234 |
||